Sports Quiz

Random Sports or Football Quiz

Last 20 Rams 1000-yd Passers Quiz Stats

 Plays Quiz not verified by Sporcle

Score 0/20 Timer 10:00
0 Plays Today
Year(s) Quarterback % Correct
1999-2002Kurt Warner
100%
2016-2018Jared Goff
98.9%
2002-2009Marc Bulger
95.4%
2010-2013Sam Bradford
89.7%
1986-1993Jim Everett
82.8%
2000Trent Green
79.3%
2016Case Keenum
74.7%
2014Austin Davis
59.8%
2015Nick Foles
56.3%
2007Gus Frerotte
52.9%
Year(s) Quarterback % Correct
1996-1998Tony Banks
52.9%
2013Kellen Clemens
37.9%
1994Chris Chandler
37.9%
2014Shaun Hill
35.6%
1985Dieter Brock
35.6%
1994-1995Chris Miller
33.3%
2002, '05Jamie Martin
24.1%
1984Jeff Kemp
20.7%
1995Mark Rypien
17.2%
1993T.J. Rubley
10.3%

You're not logged in!

Compare scores with friends on all Sporcle quizzes.
OR
Log In

Sporcle TV

Today on Sporcle TV


Watch our educational content, quiz creation guides, and fun videos on Sporcle TV.

Show Comments

Extras

Top Quizzes Today


Score Distribution

Your Account Isn't Verified!

In order to create a playlist on Sporcle, you need to verify the email address you used during registration. Go to your Sporcle Settings to finish the process.

Report this User

Report this user for behavior that violates our Community Guidelines.

Details: